LEADER 01189nam1 2200361 450 001 990001288080203316 005 20031128110949.0 010 $a0-415-14906-1 035 $a000128808 035 $aUSA01000128808 035 $a(ALEPH)000128808USA01 035 $a000128808 100 $a20031128d1998----km-y0itay0103----ba 101 0 $aeng 102 $aGB 105 $ay|||z|||001yy 200 1 $aEnvironmental management in practice$fedited by B. Nath...[et al.] 210 $aLondon$aNew York$cRoutledge$dcopyr. 1998- 215 $a3 v.$d25 cm 463 \1$1001990001288190203316$12001 $a<> Instruments for environmental management 463 \1$1001990001288310203316$12001 $a<> Managing the ecosystem 463 \1$1001990001774310203316$12001 $a<> Compartments, stressors and sectors 606 0 $aInquinamento$xMisurazioni 676 $a363.75 801 0$aIT$bsalbc$gISBD 912 $a990001288080203316 951 $aIEP IV$bE.C.$cIEP 959 $aBK 969 $aECO 979 $aPAOLA$b90$c20031128$lUSA01$h1109 979 $aPATRY$b90$c20040406$lUSA01$h1731 996 $aEnvironmental management in practice$9928084 997 $aUNISA